[Event "DEN-chT 0809"]
[Site "Denmark"]
[Date "2009.02.22"]
[Round "7.8"]
[White "Pedersen, Dimon Paul"]
[Black "Brinck Claussen, Bjorn"]
[Result "1/2-1/2"]
[WhiteElo "2095"]
[BlackElo "2209"]
[PlyCount "81"]
[EventDate "2008.11.01"]
[EventType "team-tourn"]
[EventRounds "9"]
[EventCountry "DEN"]
[SourceTitle "EXT 2023"]
[Source "ChessBase"]
[SourceDate "2022.10.05"]
[SourceVersion "1"]
[SourceVersionDate "2022.10.05"]
[SourceQuality "1"]
[WhiteTeam "Nastved"]
[BlackTeam "Bronshoj"]
[WhiteTeamCountry "DEN"]
[BlackTeamCountry "DEN"]

1. c4 e5 2. g3 Nf6 3. Bg2 d5 4. cxd5 Nxd5 5. Nc3 Nb6 6. d3 Be7 7. Nf3 Nc6 8. 0-0 0-0 9. Be3 Bg4 10. Rc1 Re8 11. Na4 Nd4 12. Bxd4 exd4 13. Ne5 Bc8 14. Nxb6 axb6 15. a3 Bf8 16. Nf3 b5 17. Qd2 c6 18. e3 dxe3 19. fxe3 Qe7 20. e4 b4 21. axb4 Qxb4 22. Qxb4 Bxb4 23. Ra1 Be6 24. Kf2 Bb3 25. Ke2 Rad8 26. Rfc1 f5 27. e5 Bd5 28. Ra7 Bxf3+ 29. Bxf3 Rxe5+ 30. Kf1 Re7 31. Rc4 Bd2 32. d4 Kf8 33. Rca4 g5 34. Ra8 Rxa8 35. Rxa8+ Kg7 36. d5 g4 37. Be2 cxd5 38. Rd8 Re5 39. Rd7+ Kg6 40. Rxb7 d4 41. Rd7 1/2-1/2

[Event "DEN-chT 0809"]
[Site "Denmark"]
[Date "2009.01.10"]
[Round "4.7"]
[White "Pedersen, Dimon Paul"]
[Black "Koch, Soren Andreas"]
[Result "0-1"]
[WhiteElo "2095"]
[BlackElo "2178"]
[PlyCount "100"]
[EventDate "2008.11.01"]
[EventType "team-tourn"]
[EventRounds "9"]
[EventCountry "DEN"]
[SourceTitle "EXT 2023"]
[Source "ChessBase"]
[SourceDate "2022.10.05"]
[SourceVersion "1"]
[SourceVersionDate "2022.10.05"]
[SourceQuality "1"]
[WhiteTeam "Nastved"]
[BlackTeam "Nordkalotten"]
[WhiteTeamCountry "DEN"]
[BlackTeamCountry "DEN"]

1. c4 Nf6 2. g3 e5 3. Bg2 Nc6 4. Nc3 Bb4 5. Nd5 Be7 6. b3 d6 7. Bb2 0-0 8. e3 Re8 9. Ne2 Nxd5 10. cxd5 Nb4 11. d4 Bf6 12. Qd2 a5 13. a3 Na6 14. 0-0 Bg4 15. Rfe1 Qd7 16. f3 Bh3 17. Qxa5 Bxg2 18. Kxg2 Nc5 19. Qc3 e4 20. f4 Qb5 21. a4 Qxb3 22. Qxb3 Nxb3 23. Ra3 Na5 24. Rc1 c6 25. Nc3 Nc4 26. Rb3 Nxe3+ 27. Kf2 Bxd4 28. Ke2 Nxd5 29. Nxd5 Bxb2 30. Rxb2 cxd5 31. Rb4 Kf8 32. Rxb7 Re7 33. Rb4 Rea7 34. Ra1 Ke7 35. Ke3 Ra5 36. Kd4 R8a7 37. g4 g6 38. Ra3 Ke6 39. h3 f5 40. g5 Rc5 41. h4 Rac7 42. a5 Rc4+ 43. Rxc4 Rxc4+ 44. Ke3 d4+ 45. Kd2 Rc7 46. a6 Ra7 47. Ra5 Kd7 48. h5 Kc6 49. hxg6 hxg6 50. Ra4 d3 0-1

[Event "DEN-chT 0809"]
[Site "Denmark"]
[Date "2008.11.01"]
[Round "1.7"]
[White "Pedersen, Dimon Paul"]
[Black "Fries Nielsen, Niels Jorgen"]
[Result "1/2-1/2"]
[WhiteElo "2095"]
[BlackElo "2393"]
[PlyCount "38"]
[EventDate "2008.11.01"]
[EventType "team-tourn"]
[EventRounds "9"]
[EventCountry "DEN"]
[SourceTitle "EXT 2023"]
[Source "ChessBase"]
[SourceDate "2022.10.05"]
[SourceVersion "1"]
[SourceVersionDate "2022.10.05"]
[SourceQuality "1"]
[WhiteTeam "Nastved"]
[BlackTeam "Helsinge"]
[WhiteTeamCountry "DEN"]
[BlackTeamCountry "DEN"]

1. c4 d6 2. g3 Nf6 3. Bg2 g6 4. Nc3 Bg7 5. d3 0-0 6. Bg5 h6 7. Bd2 c6 8. e4 Na6 9. Nge2 Rb8 10. 0-0 Bd7 11. a3 Qc8 12. b4 Nc7 13. Rc1 e5 14. f3 b6 15. Be3 c5 16. b5 a6 17. a4 a5 18. Qd2 Kh7 19. Nd5 Ncxd5 1/2-1/2

[Event "Politiken Cup 29th"]
[Site "Copenhagen"]
[Date "2007.07.26"]
[Round "7"]
[White "Pedersen, Dimon Paul"]
[Black "Andersen, Harry"]
[Result "1-0"]
[WhiteElo "2082"]
[BlackElo "1912"]
[PlyCount "37"]
[EventDate "2007.07.21"]
[EventType "swiss"]
[EventRounds "10"]
[EventCountry "DEN"]
[SourceTitle "CBM 119 Extra"]
[Source "ChessBase"]
[SourceDate "2007.09.04"]
[SourceVersion "1"]
[SourceVersionDate "2007.09.04"]
[SourceQuality "1"]

1. c4 Nf6 2. g3 g6 3. Bg2 Bg7 4. Nc3 c5 5. a3 0-0 6. b4 d6 7. Rb1 Ng4 8. Nf3 Nc6 9. 0-0 Rb8 10. h3 Nge5 11. Nxe5 Nxe5 12. Qb3 Be6 13. Nd5 Qd7 14. bxc5 dxc5 15. Kh2 Rfd8 16. d3 Nc6 17. Bf4 Nd4 18. Qd1 Rbc8 19. Rxb7 1-0

[Event "Politiken Cup 29th"]
[Site "Copenhagen"]
[Date "2007.07.25"]
[Round "6"]
[White "Teplyi, Igor"]
[Black "Pedersen, Dimon Paul"]
[Result "1-0"]
[WhiteElo "2219"]
[BlackElo "2082"]
[PlyCount "35"]
[EventDate "2007.07.21"]
[EventType "swiss"]
[EventRounds "10"]
[EventCountry "DEN"]
[SourceTitle "CBM 119 Extra"]
[Source "ChessBase"]
[SourceDate "2007.09.04"]
[SourceVersion "1"]
[SourceVersionDate "2007.09.04"]
[SourceQuality "1"]

1. Nf3 Nf6 2. c4 g6 3. Nc3 d5 4. cxd5 Nxd5 5. Qa4+ Bd7 6. Qh4 Nxc3 7. dxc3 h6 8. Qd4 Rg8 9. e4 Nc6 10. Qe3 Bg7 11. Be2 e5 12. 0-0 g5 13. b4 Qf6 14. Rd1 Nd8 15. Bb2 g4 16. Ne1 Qf4 17. Qd3 Bc6 18. b5 1-0

[Event "Politiken Cup 29th"]
[Site "Copenhagen"]
[Date "2007.07.23"]
[Round "4"]
[White "Larsen, Karsten"]
[Black "Pedersen, Dimon Paul"]
[Result "1-0"]
[WhiteElo "2307"]
[BlackElo "2082"]
[PlyCount "81"]
[EventDate "2007.07.21"]
[EventType "swiss"]
[EventRounds "10"]
[EventCountry "DEN"]
[SourceTitle "CBM 119 Extra"]
[Source "ChessBase"]
[SourceDate "2007.09.04"]
[SourceVersion "1"]
[SourceVersionDate "2007.09.04"]
[SourceQuality "1"]

1. e4 c5 2. Nf3 Nc6 3. Bb5 g6 4. 0-0 Bg7 5. Bxc6 dxc6 6. d3 Bg4 7. Nbd2 e5 8. h3 Bxf3 9. Qxf3 Qe7 10. Nc4 f6 11. Qg3 Nh6 12. f4 Nf7 13. Be3 exf4 14. Bxf4 0-0 15. Rae1 Ne5 16. Bxe5 fxe5 17. a4 Bf6 18. Ra1 Rae8 19. Qg4 Kg7 20. Qe2 Bh4 21. Rxf8 Rxf8 22. Rf1 Rxf1+ 23. Kxf1 Bg3 24. Qf3 Bf4 25. g3 Bc1 26. a5 Bh6 27. Qg4 Bc1 28. Qc8 h5 29. b3 h4 30. Qb8 Kh6 31. Qh8+ Qh7 32. Qxh7+ Kxh7 33. Nxe5 hxg3 34. Kg2 Bf4 35. Nd7 c4 36. dxc4 Kg7 37. Nc5 Kf6 38. Nxb7 Ke5 39. Nc5 Bd2 40. a6 Be1 41. Nd3+ 1-0

[Event "Politiken Cup 29th"]
[Site "Copenhagen"]
[Date "2007.07.22"]
[Round "3"]
[White "Pedersen, Dimon Paul"]
[Black "Viljanen, Jouko"]
[Result "1-0"]
[WhiteElo "2082"]
[BlackElo "1917"]
[PlyCount "89"]
[EventDate "2007.07.21"]
[EventType "swiss"]
[EventRounds "10"]
[EventCountry "DEN"]
[SourceTitle "CBM 119 Extra"]
[Source "ChessBase"]
[SourceDate "2007.09.04"]
[SourceVersion "1"]
[SourceVersionDate "2007.09.04"]
[SourceQuality "1"]

1. c4 e6 2. g3 Nf6 3. Bg2 c6 4. Nf3 d5 5. 0-0 Be7 6. b3 0-0 7. Bb2 Nbd7 8. d3 Ng4 9. Qc2 Bf6 10. Nc3 Nde5 11. Rad1 Nxf3+ 12. Bxf3 Ne5 13. Bg2 d4 14. Ne4 Be7 15. e3 f5 16. Bxd4 fxe4 17. Bxe5 exd3 18. Rxd3 Qe8 19. Qb2 Qg6 20. Rd4 Bf6 21. Rf4 Bd7 22. Rd1 Be8 23. Bxf6 Rxf6 24. Rxf6 Qxf6 25. Qxf6 gxf6 26. Rd6 Kf7 27. Bh3 f5 28. e4 Ke7 29. c5 Bg6 30. f4 Rd8 31. e5 Rg8 32. Kf2 Be8 33. Bf1 h5 34. Rxe6+ Kxe6 35. Bc4+ Ke7 36. Bxg8 Bd7 37. h3 b5 38. b4 Bc8 39. Bb3 Bd7 40. Bd1 Be8 41. g4 Bf7 42. gxf5 Bxa2 43. Bxh5 a5 44. bxa5 b4 45. a6 1-0

[Event "DEN-chB"]
[Site "Greve"]
[Date "2002.03.31"]
[Round "6"]
[White "Nielsen, Anders Bodholt"]
[Black "Pedersen, Dimon Paul"]
[Result "1/2-1/2"]
[WhiteElo "2209"]
[BlackElo "2062"]
[PlyCount "33"]
[EventDate "2002.03.26"]
[EventType "swiss"]
[EventRounds "7"]
[EventCountry "DEN"]
[SourceTitle "EXT 2007"]
[Source "ChessBase"]
[SourceDate "2006.11.23"]
[SourceVersion "1"]
[SourceVersionDate "2006.11.23"]
[SourceQuality "1"]

1. Nf3 Nf6 2. g3 g6 3. Bg2 Bg7 4. d4 d5 5. 0-0 0-0 6. b3 c5 7. Bb2 cxd4 8. Nbd2 Nc6 9. Nxd4 Qc7 10. Nxc6 bxc6 11. c4 Bf5 12. Rc1 Qa5 13. a3 Rac8 14. b4 Qa6 15. Qb3 Rfd8 16. Rfd1 Be6 17. cxd5 1/2-1/2

[Event "DEN-chB"]
[Site "Greve"]
[Date "2002.03.27"]
[Round "2"]
[White "Rasmussen, Bo"]
[Black "Pedersen, Dimon Paul"]
[Result "0-1"]
[WhiteElo "2159"]
[BlackElo "2062"]
[PlyCount "70"]
[EventDate "2002.03.26"]
[EventType "swiss"]
[EventRounds "7"]
[EventCountry "DEN"]
[SourceTitle "EXT 2007"]
[Source "ChessBase"]
[SourceDate "2006.11.23"]
[SourceVersion "1"]
[SourceVersionDate "2006.11.23"]
[SourceQuality "1"]

1. d4 Nf6 2. c4 g6 3. Nc3 d5 4. cxd5 Nxd5 5. g3 Bg7 6. Bg2 Nxc3 7. bxc3 c5 8. e3 0-0 9. Ne2 Nc6 10. 0-0 cxd4 11. cxd4 Bf5 12. h3 Rc8 13. Ba3 Qa5 14. Qb3 Bc2 15. Qxb7 Qxa3 16. Bxc6 Bd3 17. Rfe1 Bxe2 18. Rxe2 Qc3 19. Rb1 Qxc6 20. Qxa7 Rc7 21. Qa5 Ra8 22. Qb4 Qe6 23. Qb6 Rc6 24. Qb7 Rca6 25. Rc1 Bxd4 26. Rec2 Bf6 27. Rc6 Qxa2 28. Rxa6 Rxa6 29. Rc8+ Kg7 30. Qb8 Qd5 31. Rg8+ Kh6 32. Qf8+ Kh5 33. g4+ Kg5 34. f4+ Kh4 35. Qh6+ Kg3 0-1